| 000 | 00512nam a2200133Ia 4500 | ||
|---|---|---|---|
| 005 | 20260209120153.0 | ||
| 008 | 260209s9999||||xx |||||||||||||| ||und|| | ||
| 100 | _aTanuj Prakash | ||
| 245 | 0 | _aJail - bail ka Khel - understanding the nexus between money laundering and politics in India | |
| 260 |
_aBangaloreBangalore _bNLSIU, Bangalore _c2024 - 2025 |
||
| 300 | _a45 p. ; 25 cm. | ||
| 700 | _aDr. Nagarathna A - SupervisorDr. Nagarathna A - Supervisor | ||
| 856 | _uhttps://dans.nls.ac.in/handle/123456789/2511 | ||
| 999 |
_c217802 _d217802 |
||